| 000 | 00804cam a22002535a 4500 | ||
|---|---|---|---|
| 001 | 303389 | ||
| 005 | 20180204113359.0 | ||
| 008 | 721122r19741972enka fr 001 0 eng d | ||
| 020 | _a0716100622 | ||
| 040 |
_aDLC _cDLC _dDLC _dEG-ScBUE _beng |
||
| 082 | 0 | 4 |
_a658.7 _222 _bSAW |
| 100 | 1 | _aSawdy, L. C. W. | |
| 245 | 1 | 4 |
_aThe economics of distribution : _bmanagers' guide to trade-off and cost control in physical distribution / _cL. W. C. Sawdy. |
| 250 | _aReprint ed. | ||
| 260 |
_aEpping : _bGower Press, _c1974. |
||
| 300 |
_axiii, 101 p. : _bill. ; _c26 cm. |
||
| 500 | _aReprint of 1972 ed. | ||
| 500 | _aIndex : p. 99-101. | ||
| 541 | _aDonation from David Kirby. | ||
| 650 | 7 |
_aPhysical distribution of goods. _2BUEsh _931013 |
|
| 651 | _2BUEsh | ||
| 653 |
_bGGEN _cFebruary2018 |
||
| 942 | _2ddc | ||
| 999 |
_c26070 _d26042 |
||